|
|
|
|
| LEADER |
00000nam a2200000 a 4500 |
| 001 |
vtls001379473 |
| 003 |
SK-MaSNL |
| 005 |
20260301161338.0 |
| 008 |
240226s1999 xo a r slo |
| 015 |
|
|
|a SNBA2000/03-00994
|
| 020 |
|
|
|a 8096706225
|
| 035 |
|
|
|a SNK000333448
|
| 035 |
|
|
|a urn:nbn:sk:snk-amlrea
|
| 035 |
|
|
|a urn:nbn:sk:snk-am00cbwn
|
| 035 |
|
|
|a 79E90DAF-6E94-4136-A74B-6B27E455101E
|
| 040 |
|
|
|a SNK
|b slo
|c SNK
|e AACR2
|
| 041 |
0 |
|
|a slo
|a eng
|
| 044 |
|
|
|a xo
|c SK
|
| 080 |
|
|
|a 323.113(=854)(73)=854=20
|2 1981
|
| 245 |
0 |
0 |
|a Slovenská Amerika
|c Ľubica Bartalská ... [et al.] ; [fotografie: Juraj Chlpík ... [et al.]]
|
| 246 |
1 |
0 |
|a Slovak America
|
| 246 |
1 |
1 |
|a Slovak America
|
| 260 |
|
|
|a Bratislava
|b GFA
|c 1999
|
| 300 |
|
|
|a 113 s.
|b fareb. fotogr.
|c 32 cm
|
| 500 |
|
|
|a Súbežný názov, text a tiráž anglicky
|
| 650 |
0 |
7 |
|a Slováci v zahraničí
|2 SNKPH
|9 14695
|
| 651 |
|
7 |
|a Spojené štáty americké
|2 SNKPHgeo
|9 18262
|
| 655 |
|
7 |
|a obrazové publikácie
|2 SNKPH
|9 70343
|
| 700 |
1 |
|
|a Bartalská, Ľubica,
|d 1943-2014
|4 aut
|9 106026
|
| 700 |
1 |
|
|a Holý, Ján A.,
|d 1922-2020
|4 aut
|4 pht
|9 15556
|
| 700 |
1 |
|
|a Chlpík, Juraj,
|d 1976-
|4 aut
|4 pht
|9 195165
|
| 700 |
1 |
|
|a Reguli, Ivan,
|d 1942-
|4 aut
|4 pht
|9 311914
|
| 700 |
1 |
|
|a Tanzone, Daniel F.
|4 pht
|9 270368
|
| 919 |
|
|
|a 80-967062-2-5
|
| 958 |
|
|
|a TL
|
| 999 |
|
|
|c 809072
|d 811002
|
| 952 |
|
|
|t P60, <03>, [BOOK], {603}
|a SNK
|b SNK
|y PREZ
|7 0
|p 17A0222532
|o snkSB 61250
|i snkKSP 217/2000
|0 0
|1 0
|4 0
|d 1999-12-20
|f 1
|l 0
|r 2025-04-15 00:00:00
|w 2026-02-24
|
| 952 |
|
|
|a SNK
|b SNK
|y VYP
|7 0
|p 17A1363660
|o snkSB 61250 D2
|i snk2019/14038
|8 1
|0 0
|1 0
|4 0
|d 2019-05-21
|l 0
|r 2026-02-24 02:30:58
|w 2026-02-24
|
| 952 |
|
|
|t snkSLO 323.113
|a SNKUST
|b SNKUST
|y PREZ
|7 0
|p 17A0222533
|o snkSB 61250 D1
|i snkKSP 218/2000
|8 0
|0 0
|1 0
|4 0
|d 1999-12-20
|l 0
|r 2025-04-30 00:00:00
|w 2026-02-24
|